| 000 | 00000nam##2200000za#4500 |
| 001 | 9.672230 |
| 003 | CaOODSP |
| 005 | 20221104105554 |
| 007 | ta |
| 008 | 150407|2010||||xxc||||| f|0| 0 iku|d |
| 020 | |a978-0-662-03367-7 |
| 040 | |aCaOODSP|bfre |
| 041 | 7|aiku |
| 043 | |an-cn--- |
| 086 | 1 |aR64-105/81-2010S |
| 110 | 2 |aParcs Canada. |
| 245 | 10|aParc national du Canada des Monts-Torngat - plan directeur 2010 |
| 260 | |bParcs Canada |c2010. |
| 300 | |axii, 60, [1]p. : |bcartes en couleur, références, tableaux, photographies ; |c28 cm. |
| 500 | |aEn tête du titre : Tongait KakKasuangita SilakK ijapvinga |
| 546 | |aTexte en inuktitut. |
| 590 | |a10-37|b2010-09-17 |
| 691 | 07|aGestion|2gcpds |
| 691 | 07|aParc national|2gcpds |
| 775 | 08|tTongait KakKasuangita SilakKijapvinga, Torngat Mountains National Park of Canada - management plan 2010 |w(CaOODSP)9.651688 |
| 775 | 08|tTongait KakKasuangita SilakKijapvinga, Parc national du Canada Monts-Torngat - plan directeur 2010 |w(CaOODSP)9.684699 |
| 776 | 0#|tTongait KakKasuangita SilakKijapvinga, Torngat Mountains National Park of Canada - management plan 2010 |w(CaOODSP)9.675053 |
| 791 | |tTorngat Mountains National Park of Canada - management plan 2010 |eeng|w(CaOODSP)9.672229 |